| 000 | 00342nam a2200133Ia 4500 | ||
|---|---|---|---|
| 005 | 20260328104309.0 | ||
| 008 | 260328s9999||||xx |||||||||||||| ||und|| | ||
| 100 | _aWright, Frank Lloyd | ||
| 245 | 0 |
_aFrank Lloyd Wright / _cFrank Lloyd Wright |
|
| 260 | _bsalomon | ||
| 300 | _a78 p. | ||
| 650 | _aFRANK LLOYD WRIGH ( 1869-1959) | ||
| 942 | _cBK | ||
| 999 |
_c10898 _d10898 |
||